Fr. Conceicao Rodrigues College of Engineering

Strength Of Materials (Record no. 33285)

MARC details
000 -LEADER
fixed length control field 00255nam a2200121Ia 4500
100 ## - MAIN ENTRY--PERSONAL NAME
Personal name Mahajan/ A.K.
245 ## - TITLE STATEMENT
Title Strength Of Materials
260 ## - PUBLICATION, DISTRIBUTION, ETC.
Name of publisher, distributor, etc. Vrinda pub.
Place of publication, distribution, etc. Jalgaon
Date of publication, distribution, etc. 1992
300 ## - PHYSICAL DESCRIPTION
Extent 246
546 ## - LANGUAGE NOTE
Language note ENGLISH
654 ## - SUBJECT ADDED ENTRY--FACETED TOPICAL TERMS
Focus term Strength
942 ## - ADDED ENTRY ELEMENTS (KOHA)
Koha item type BOOK
Holdings
Withdrawn status Lost status Damaged status Not for loan Collection Home library Current library Date acquired Total Checkouts Full call number Barcode Date last seen Price effective from Koha item type
        AFT Fr. Agnel's C.Rodrigues College of Engineering Fr. Agnel's C.Rodrigues College of Engineering 17/03/2023   AFT6562 17/03/2023 17/03/2023 BOOK